Statistics for Arabic language countries

Click here to take the quiz!

General Stats

  • This quiz has been taken 620 times
  • The average score is 21 of 25

Answer Stats

Hint Answer % Correct
6Egypt
97%
19Saudi Arabia
96%
8Iraq
95%
16Oman
95%
25Yemen
94%
22Syria
93%
1Algeria
93%
13Libya
92%
15Morocco
92%
23Tunisia
90%
10Jordan
90%
11Kuwait
90%
18Qatar
90%
12Lebanon
89%
21Sudan
89%
2Bahrain
86%
20Somalia
83%
9Israel
79%
3Chad
78%
14Mauritania
77%
24United Arab Emirates
74%
5Djibouti
72%
7Eritrea
68%
4Comoros
55%
17Palestine
46%

Score Distribution

Percentile by Number Answered

Percent of People with Each Score

Your Score History

You have not taken this quiz